| 000 | 01447nac a22002771u 4500 | ||
|---|---|---|---|
| 010 | _a2003064850 | ||
| 020 | _a0735619859 | ||
| 082 | 0 | 0 |
_a005.54 _bF9481 |
| 090 |
_c533 _d533 |
||
| 100 | _aFrye, Curtis, | ||
| 245 | 1 | 0 |
_aMicrosoft Office Excel 2003 programming inside out / _cCurtis Frye, Wayne Freeze, Felicia Buckingham. |
| 246 | 3 | 0 | _aExcel 2003 programming inside out |
| 260 |
_aRedmond, Wash. : _bMicrosoft Press,2004 _c2004. |
||
| 300 |
_axxvi, 594 p. : _bill. ; _c24 cm. + _e1 CD-ROM (4 3/4 in.) |
||
| 500 | _aCD-ROM includes complete ebook in PDF format, catalog of Excel resources with links to third-party tools and demos, Microsoft resources and demos, and free Microsoft comptuer dictionary, 5th ed. | ||
| 500 | _aIncludes index. | ||
| 538 | _aSystem requirements: Pentium 266-MHz or higher processor; Microsoft Windows XP or later or Windows 2000 Professional with Service Pack 3 or later. | ||
| 650 | 0 |
_aBusiness _xComputer programs. |
|
| 650 | 0 | _aElectronic spreadsheets. | |
| 700 | 1 | _aFreeze, Wayne S. | |
| 700 | 1 | _aBuckingham, Felicia. | |
| 740 | 0 | 2 | _aMicrosoft computer dictionary. |
| 942 |
_cBB _k005.54F9481 |
||
| 999 |
_c533 _d533 |
||